Online
Catalog

El pensamiento latinoamericano de un siglo / (Record no. 15130)

MARC details
000 -CABECERA
campo de control de longitud fija 01064nam a2200289 a 4500
001 - NÚMERO DE CONTROL
campo de control 000015574
003 - IDENTIFICADOR DEL NÚMERO DE CONTROL
campo de control UkOxU
005 - FECHA Y HORA DE LA ÚLTIMA TRANSACCIÓN
campo de control 20200929164100.0
008 - DATOS DE LONGITUD FIJA--INFORMACIÓN GENERAL
campo de control de longitud fija 880808s1966 mx b 001 0cspa d
035 ## - NÚMERO DE CONTROL DEL SISTEMA
Número de control de sistema oxf98305110
040 ## - FUENTE DE LA CATALOGACIÓN
Centro catalogador/agencia de origen DO-SdBNP
Centro/agencia transcriptor GUA
041 1# - CÓDIGO DE LENGUA
Código de lengua del texto/banda sonora o título independiente spaeng
082 ## - NÚMERO DE LA CLASIFICACIÓN DECIMAL DEWEY
Número de clasificación D0400245749
100 1# - ENTRADA PRINCIPAL--NOMBRE DE PERSONA
Nombre de persona Crawford, William Rex,
Fechas asociadas al nombre 1898-
9 (RLIN) 35139
245 13 - MENCIÓN DE TÍTULO
Título El pensamiento latinoamericano de un siglo /
Mención de responsabilidad, etc. William Rex Crawford ; [versión española de María Teresa Chávez].
250 ## - MENCIÓN DE EDICIÓN
Mención de edición 1. ed.
260 ## - PUBLICACIÓN, DISTRIBUCIÓN, ETC.
Lugar de publicación, distribución, etc. Mexico, D.F :
Nombre del editor, distribuidor, etc. Editorial Limusa-Wiley,
Fecha de publicación, distribución, etc. 1966.
300 ## - DESCRIPCIÓN FÍSICA
Extensión 341 p. ;
Dimensiones 19 cm.
440 #0 - MENCIÓN DE SERIE/PUNTO DE ACCESO ADICIONAL--TÍTULO
Título Mundo de hoy
9 (RLIN) 35140
500 ## - NOTA GENERAL
Nota general Translation of A century of Latin-American thought
500 ## - NOTA GENERAL
Nota general Includes index
504 ## - NOTA DE BIBLIOGRAFÍA, ETC.
Nota de bibliografía, etc. Bibliography: p. 311-333
650 #0 - PUNTO DE ACCESO ADICIONAL DE MATERIA--TÉRMINO DE MATERIA
Término de materia o nombre geográfico como elemento de entrada Philosophers
Subdivisión geográfica Latin America
9 (RLIN) 35141
651 #0 - PUNTO DE ACCESO ADICIONAL DE MATERIA--NOMBRE GEOGRÁFICO
Nombre geográfico Latin America
Subdivisión general Intellectual Life
9 (RLIN) 35142
651 #0 - PUNTO DE ACCESO ADICIONAL DE MATERIA--NOMBRE GEOGRÁFICO
Nombre geográfico Latin America
Subdivisión general Civilization
9 (RLIN) 35143
852 ## - LOCALIZACIÓN
-- 13930683
-- MISSING
Holdings
Estado de retiro Estado de pérdida Restricciones de uso No para préstamo Código de colección Localización permanente Ubicación/localización actual Ubicación en estantería Fecha de adquisición Número de inventario Total de préstamos Signatura topográfica completa Código de barras Fecha visto por última vez Precio válido a partir de Tipo de ítem Koha Número de copia
    Préstamo interno   Monografías: Libros y Folletos General General En catalogación 12.02.2010 LF1   D0400245749 15574-10 25.06.2020 25.06.2020 Préstamo interno  
    Préstamo interno Préstamo restrigido Monografías: Libros y Folletos General General En catalogación 15.02.2010 LF1   D0400245749 15574-20 25.06.2020 25.06.2020 Préstamo interno e.2

Powered by Koha